| 000 | 00684nam a22002057a 4500 | ||
|---|---|---|---|
| 005 | 20250325050701.0 | ||
| 008 | 250325b |||||||| |||| 00| 0 eng d | ||
| 020 | _a9798868810961 | ||
| 040 | _cAIMIT LIBRARY | ||
| 082 |
_21 _a005.365 _bTAMK |
||
| 100 |
_aTamblin, Katie. _9206805 |
||
| 245 |
_aThe lean- agile dilemma : _bproduct management inside a chunky corporate / _cBy Katie Tamblin. |
||
| 250 | _a1st ed. | ||
| 260 |
_aNew York : _bApress , _c2024. |
||
| 300 |
_axv,251p. ; _bPB _c23.9 cm |
||
| 650 |
_aThe luxury a lean startup _9206806 |
||
| 650 |
_aReplatforming the right way _9206807 |
||
| 650 |
_aManaging customer demands _9206808 |
||
| 942 |
_2ddc _cBK _e1st _k005.365 TAMK |
||
| 999 |
_c233990 _d233990 |
||